Quick Pick: Movie Bars Quiz Stats

Quiz Updated May 20, 2016

Challenge
Share
Tweet
Embed
Score 0/12 Timer 01:30
1 Play Today
% Correct
Rick’s Café Americain
77%
Mos Eisley Cantina
76.7%
The Prancing Pony
56.8%
Fat Sam’s Grand Slam Speakeasy
49%
The Winchester
46.2%
The Slaughtered Lamb
45%
The Korova Milk Bar
43.5%
Park Hyatt Piano Bar
41.5%
The Ink and Paint Club
40.9%
The First Post
36.6%
Bob’s Country Bunker
34.8%
The House of Blue Leaves
32.9%

Today's Daily Dose

Missing Word
April Birthdays

Quick Pick
Signature Pinks

On This Day
April 20th II

You're not logged in!

Compare scores with friends on all Sporcle quizzes.
Sign Up with Email
OR
Log In

You Might Also Like...

Show Comments

Extras

Top Quizzes Today


Score Distribution

Your Account Isn't Verified!

In order to create a playlist on Sporcle, you need to verify the email address you used during registration. Go to your Sporcle Settings to finish the process.

Report this User

Report this user for behavior that violates our Community Guidelines.

Details: